[Event "36th ECC Open 2021"]
[Site "Struga MKD"]
[Date "2021.09.22"]
[Round "5.12"]
[Board "5"]
[White "Mai, Alexander Oliver"]
[Black "Storme, Isak"]
[Result "0-1"]
[BlackTitle "FM"]
[WhiteElo "2042"]
[BlackElo "2304"]
[WhiteTeam "Reykjavik"]
[BlackTeam "Lunds ASK"]
[WhiteFideId "2313391"]
[BlackFideId "1728113"]
[EventDate "2021.09.18"]
[EventType "team"]

1. e4 e6 2. d4 d5 3. Nc3 Nf6 4. e5 Nfd7 5. f4 c5 6. Nf3 Nc6 7. Be3 Be7 8. Qd2
O-O 9. dxc5 Qa5 10. O-O-O b6 11. Bb5 Nb4 12. a3 bxc5 13. Kb1 Rb8 14. axb4 cxb4
15. Nxd5 exd5 16. Bxd7 Bxd7 17. Qxd5 Qxd5 18. Rxd5 Bc6 19. Rd2 b3 20. cxb3 Rxb3
21. Bd4 Be4+ 22. Kc1 Rc8+ 23. Bc3 Rcxc3+ 24. bxc3 Rb1# 0-1

[Event "36th ECC Open 2021"]
[Site "Struga MKD"]
[Date "2021.09.22"]
[Round "5.12"]
[Board "6"]
[White "Nord, Alexander"]
[Black "Jonsson, Gauti Pall"]
[Result "1/2-1/2"]
[WhiteElo "2144"]
[BlackElo "2053"]
[WhiteTeam "Lunds ASK"]
[BlackTeam "Reykjavik"]
[WhiteFideId "1738135"]
[BlackFideId "2309092"]
[EventDate "2021.09.18"]
[EventType "team"]

1. d4 Nf6 2. Nf3 b6 3. g3 Bb7 4. Bg2 g6 5. O-O Bg7 6. c4 O-O 7. b3 c5 8. Bb2
cxd4 9. Bxd4 Nc6 10. Bb2 d6 11. Nbd2 Qc7 12. Rc1 Rad8 13. e4 Nb4 14. Qe2 Nxa2
15. Ra1 Nb4 16. Rxa7 Nc6 17. Raa1 Ra8 18. h3 Rxa1 19. Rxa1 Ra8 20. Rxa8+ Bxa8
21. e5 dxe5 22. Nxe5 Nxe5 23. Bxe5 Qa7 24. Bxa8 Qxa8 25. Bf4 Qd8 26. Nf3 Nd7 27.
b4 e5 28. Be3 e4 29. Nd2 Qe7 30. c5 bxc5 31. Bxc5 Nxc5 32. bxc5 Qxc5 33. Nxe4
Qe7 1/2-1/2

[Event "36th ECC Open 2021"]
[Site "Struga MKD"]
[Date "2021.09.22"]
[Round "5.13"]
[Board "1"]
[White "Llobell Cortell, Enrique"]
[Black "Schreiner, Peter"]
[Result "1/2-1/2"]
[WhiteTitle "IM"]
[BlackTitle "IM"]
[WhiteElo "2392"]
[BlackElo "2440"]
[WhiteTeam "Andreu Paterna"]
[BlackTeam "SV Raika Rapid Feffernitz"]
[WhiteFideId "2216116"]
[BlackFideId "1621645"]
[EventDate "2021.09.18"]
[EventType "team"]

1. e4 e5 2. Nf3 Nc6 3. Bc4 Nf6 4. d4 exd4 5. e5 d5 6. Bb5 Nd7 7. O-O Be7 8. Re1
O-O 9. Bf4 Nc5 10. Bxc6 bxc6 11. Nxd4 Bd7 12. Nc3 Ne6 13. Bg3 Nxd4 14. Qxd4 Rb8
15. b3 Bb4 16. Re3 Bf5 17. a3 Ba5 18. Na4 Bb6 19. Nxb6 axb6 20. b4 Ra8 21. e6
fxe6 22. Be5 Qd7 23. Qc3 Ra4 24. Rg3 Rf7 25. Qb3 c5 26. bxc5 bxc5 27. c3 h6 28.
Bxc7 Ra7 29. Be5 Ra4 30. f4 Qa7 1/2-1/2

[Event "36th ECC Open 2021"]
[Site "Struga MKD"]
[Date "2021.09.22"]
[Round "5.13"]
[Board "2"]
[White "Diermair, Andreas"]
[Black "Sos Andreu, Eric"]
[Result "1-0"]
[WhiteTitle "GM"]
[BlackTitle "IM"]
[WhiteElo "2480"]
[BlackElo "2355"]
[WhiteTeam "SV Raika Rapid Feffernitz"]
[BlackTeam "Andreu Paterna"]
[WhiteFideId "1612468"]
[BlackFideId "22247017"]
[EventDate "2021.09.18"]
[EventType "team"]

1. d4 Nf6 2. c4 e6 3. Nc3 Bb4 4. e3 O-O 5. Nf3 d5 6. Bd2 c5 7. a3 Bxc3 8. Bxc3
cxd4 9. Nxd4 Ne4 10. Rc1 e5 11. Nf3 Nxc3 12. Rxc3 e4 13. Nd4 dxc4 14. Qc2 Nc6
15. Nxc6 bxc6 16. Bxc4 Rb8 17. O-O Qe7 18. Be2 Bd7 19. Rd1 Rfd8 20. Rd4 f5 21.
Rc5 g6 22. Qc3 h6 23. b4 Be8 24. Ra5 Rd7 25. Rxd7 Qxd7 26. Qc5 Rb7 27. h4 h5 28.
Bc4+ Bf7 29. Ra6 Rc7 30. Bxf7+ Kxf7 31. Qa5 Qd1+ 32. Kh2 Re7 33. Qc5 Qg4 34.
Qc4+ Kg7 35. Qd4+ Kf7 36. Qc4+ Kg7 37. g3 Qf3 38. Qd4+ Kf7 39. Kg1 f4 40. Rxa7
fxg3 41. Rxe7+ Kxe7 42. Qe5+ Kd7 43. Qxg3 Qf5 44. Kg2 Qf7 45. Qf4 Qe6 46. a4 Kc8
47. a5 Kb7 48. Qg5 Kc7 49. Kg3 Kb7 50. Qd8 Qg4+ 51. Kh2 Qe6 52. Qd4 1-0

[Event "36th ECC Open 2021"]
[Site "Struga MKD"]
[Date "2021.09.22"]
[Round "5.13"]
[Board "3"]
[White "Pallardo Lozoya, Jose Vicente"]
[Black "Pacher, Simon"]
[Result "1-0"]
[WhiteTitle "IM"]
[WhiteElo "2357"]
[BlackElo "1992"]
[WhiteTeam "Andreu Paterna"]
[BlackTeam "SV Raika Rapid Feffernitz"]
[WhiteFideId "2230380"]
[BlackFideId "1621084"]
[EventDate "2021.09.18"]
[EventType "team"]

1. e4 e5 2. Nf3 Nc6 3. Bb5 a6 4. Ba4 Nf6 5. d3 b5 6. Bb3 Be7 7. O-O O-O 8. a4
Rb8 9. axb5 axb5 10. Re1 d6 11. Nbd2 Re8 12. Ng5 Rf8 13. c3 h6 14. Ngf3 Re8 15.
Nf1 Bf8 16. Ng3 Be6 17. d4 Bxb3 18. Qxb3 Qd7 19. Ra6 g6 20. Nh4 Kg7 21. d5 Ne7
22. h3 Ra8 23. Ra2 c6 24. dxc6 Qxc6 25. Rxa8 Rxa8 26. Bxh6+ Kxh6 27. Qxf7 d5 28.
exd5 Qb6 29. Rxe5 Ra1+ 30. Kh2 Nd7 31. Re6 1-0

[Event "36th ECC Open 2021"]
[Site "Struga MKD"]
[Date "2021.09.22"]
[Round "5.13"]
[Board "4"]
[White "Loescher, Leon"]
[Black "Ibanez Aullana, Ramon"]
[Result "1/2-1/2"]
[BlackTitle "FM"]
[WhiteElo "1847"]
[BlackElo "2269"]
[WhiteTeam "SV Raika Rapid Feffernitz"]
[BlackTeam "Andreu Paterna"]
[WhiteFideId "1623915"]
[BlackFideId "2207532"]
[EventDate "2021.09.18"]
[EventType "team"]

1. d4 g6 2. c4 d6 3. Nc3 Bg7 4. e4 Nf6 5. f4 c5 6. d5 O-O 7. Nf3 e6 8. dxe6 Bxe6
9. Bd3 Nc6 10. a3 Re8 11. O-O Bg4 12. h3 Bxf3 13. Qxf3 Nd4 14. Qd1 Nh5 15. Qg4
Nb3 16. Rb1 Bxc3 17. bxc3 Nxc1 18. Rbxc1 Qe7 19. Rce1 Rad8 20. Re3 Qc7 21. f5
Qe7 22. Ref3 Nf6 23. Qh4 Nd7 24. f6 Qf8 25. Rg3 Re5 26. Qg4 Re6 27. Qh4 Rde8 28.
Rf5 Re5 29. Rgg5 R8e6 30. Rg4 Qd8 31. Rgf4 Kh8 32. Qh6 Nxf6 33. Rxf6 Rh5 34.
Rxe6 Rxh6 35. Rxf7 Kg8 36. Rxb7 Rh5 37. Ree7 Qf8 38. Rxa7 Re5 39. Rxh7 Qf4 40.
Rhg7+ Kf8 41. Rh7 1/2-1/2

[Event "36th ECC Open 2021"]
[Site "Struga MKD"]
[Date "2021.09.22"]
[Round "5.13"]
[Board "5"]
[White "Torres Sanchez, Jose"]
[Black "Tscharnuter, Noah"]
[Result "1-0"]
[WhiteTitle "FM"]
[WhiteElo "2271"]
[BlackElo "1897"]
[WhiteTeam "Andreu Paterna"]
[BlackTeam "SV Raika Rapid Feffernitz"]
[WhiteFideId "2217210"]
[BlackFideId "1636235"]
[EventDate "2021.09.18"]
[EventType "team"]

1. Nf3 d5 2. g3 c5 3. Bg2 f6 4. d4 cxd4 5. Nxd4 e5 6. Nb3 Ne7 7. O-O Nbc6 8. Nc3
d4 9. Ne4 Ng6 10. e3 f5 11. Nec5 Qb6 12. exd4 Nxd4 13. Nd3 Nxb3 14. axb3 Qc7 15.
Nxe5 Nxe5 16. Bf4 Bd6 17. Re1 Kf8 18. Qe2 g6 19. Rad1 Nf3+ 20. Bxf3 Bxf4 21.
Qe8+ Kg7 22. Re7+ Kh6 23. Qf7 Qxe7 24. Qxe7 Bg5 25. Qf7 a5 26. h4 Bd8 27. Rd6 a4
28. Be2 axb3 29. h5 1-0

[Event "36th ECC Open 2021"]
[Site "Struga MKD"]
[Date "2021.09.22"]
[Round "5.13"]
[Board "6"]
[White "Valtiner, Adamo"]
[Black "Gimeno Higueras, Roberto"]
[Result "1-0"]
[WhiteElo "1946"]
[BlackElo "2214"]
[WhiteTeam "SV Raika Rapid Feffernitz"]
[BlackTeam "Andreu Paterna"]
[WhiteFideId "1647962"]
[BlackFideId "2258420"]
[EventDate "2021.09.18"]
[EventType "team"]

1. e4 c6 2. Ne2 g6 3. d4 Bg7 4. c3 d6 5. g3 Nf6 6. Bg2 O-O 7. O-O e5 8. Nd2 exd4
9. cxd4 Re8 10. Nc3 b5 11. b4 a5 12. Rb1 Be6 13. a3 axb4 14. axb4 Qb6 15. Nf3
Nbd7 16. Bf4 Bf8 17. d5 cxd5 18. exd5 Bf5 19. Rb3 Bg4 20. Qd3 Bxf3 21. Bxf3 Rab8
22. Be3 Ne5 23. Bxb6 Nxd3 24. Bd4 Ne5 25. Be2 Rb7 26. Kg2 Bg7 27. Nxb5 Bf8 28.
Nc3 Ned7 29. Ba6 Rbb8 30. Bb5 Red8 31. Bc6 Bg7 32. Rd1 Nb6 33. b5 Nfd7 34. Ra3
Nc4 35. Ra2 Ndb6 36. Na4 Nxa4 37. Rxa4 Nb2 38. Bxb2 Bxb2 39. Rb1 Bf6 40. b6 Kf8
41. Rbb4 Kg7 42. Kf3 Be5 43. Ke4 Bf6 44. Kd3 Rf8 45. Kc4 Bd8 46. Ra6 f5 47. Kb5
Rf7 48. Rba4 Kf6 49. f4 Re7 50. b7 h5 51. Ra7 Bc7 52. Ra8 Re2 53. Rxb8 Rb2+ 54.
Kc4 Bxb8 55. Ra8 1-0

[Event "36th ECC Open 2021"]
[Site "Struga MKD"]
[Date "2021.09.22"]
[Round "5.14"]
[Board "2"]
[White "Kjartansson, David"]
[Black "Kristensen, Kaare Hove"]
[Result "1/2-1/2"]
[WhiteTitle "IM"]
[BlackTitle "IM"]
[WhiteElo "2326"]
[BlackElo "2336"]
[WhiteTeam "Viking  Chess Club"]
[BlackTeam "Nordkalotten"]
[WhiteFideId "2301130"]
[BlackFideId "1400940"]
[EventDate "2021.09.18"]
[EventType "team"]

1. Nf3 d5 2. g3 Nf6 3. Bg2 c5 4. O-O Nc6 5. d4 e6 6. c4 dxc4 7. dxc5 Qxd1 8.
Rxd1 Bxc5 9. Nbd2 c3 10. bxc3 O-O 11. Nb3 Be7 12. c4 Bd7 13. Bb2 Rfd8 14. Nfd4
Rac8 15. Nb5 Be8 16. c5 Nb4 17. Rxd8 Rxd8 18. N5d4 Nc6 19. Nxc6 Bxc6 20. Bxc6
bxc6 21. Bxf6 gxf6 22. Rc1 f5 23. Rc4 Rd5 24. Kg2 Kg7 25. e3 Kg6 26. Kf3 Bf8 27.
Ke2 Be7 28. a4 h5 29. a5 a6 30. Rd4 Rxd4 31. Nxd4 Bxc5 32. Nxc6 Kg5 33. h4+ Kf6
34. Kd3 Bd6 35. Kc4 Bc7 36. Kc5 Kg6 37. Kd4 Kf6 38. f4 Bd6 39. Kc4 Bc7 40. Kc5
Kg7 41. Kb4 Bd6+ 42. Kc4 Bc7 1/2-1/2

[Event "36th ECC Open 2021"]
[Site "Struga MKD"]
[Date "2021.09.22"]
[Round "5.14"]
[Board "3"]
[White "Sylvan, Jacob"]
[Black "Thorhallsson, Simon"]
[Result "0-1"]
[WhiteTitle "IM"]
[WhiteElo "2307"]
[BlackElo "2237"]
[WhiteTeam "Nordkalotten"]
[BlackTeam "Viking  Chess Club"]
[WhiteFideId "1402137"]
[BlackFideId "2310090"]
[EventDate "2021.09.18"]
[EventType "team"]

1. e4 e6 2. d4 d5 3. Nc3 Nf6 4. e5 Nfd7 5. f4 c5 6. Nf3 Nc6 7. Be3 Be7 8. Qd2
O-O 9. dxc5 Qa5 10. O-O-O b6 11. Bb5 Nb4 12. a3 bxc5 13. Bxd7 Bxd7 14. axb4 cxb4
15. Nb1 Rfc8 16. Qf2 Qa2 17. Bd4 a5 18. Kd2 a4 19. Rc1 b3 20. Ke3 bxc2 21. Rxc2
a3 22. Nc3 Qb3 23. bxa3 Rxa3 24. Rhc1 Bb4 25. Qd2 Ba4 26. Kf2 h6 27. Nxa4 Bxd2
28. Rxc8+ Kh7 29. Nxd2 Qxa4 30. Nf3 Rxf3+ 31. Kxf3 Qxd4 32. R8c3 Qe4+ 33. Kg3 g5
34. fxg5 hxg5 35. Kf2 Qxe5 36. Rh3+ Kg7 37. Re1 Qf4+ 38. Kg1 e5 39. Rd1 Qe4 40.
Rg3 f6 41. h3 d4 42. Kh1 Qe2 43. Rgd3 Kf7 44. R3d2 Qe3 45. Rd3 Qe4 46. Rf3 f5
47. Ra1 f4 48. Rb3 Kf6 49. Kh2 Qc6 50. Ra5 Kf5 51. Rf3 Qc2 52. Rf1 Qe2 53. Raa1
d3 54. Rae1 Qb2 55. Rb1 Qd4 56. Rfd1 g4 57. hxg4+ Kxg4 58. Rb8 d2 59. Rg8+ Kf5
60. Rf8+ Ke4 61. Ra8 Ke3 62. Ra2 Ke2 63. Raa1 f3 0-1

[Event "36th ECC Open 2021"]
[Site "Struga MKD"]
[Date "2021.09.22"]
[Round "5.14"]
[Board "4"]
[White "Bjornsson, Tomas"]
[Black "Hove, Esben Kjems"]
[Result "1/2-1/2"]
[WhiteTitle "FM"]
[BlackTitle "FM"]
[WhiteElo "2175"]
[BlackElo "2315"]
[WhiteTeam "Viking  Chess Club"]
[BlackTeam "Nordkalotten"]
[WhiteFideId "2300303"]
[BlackFideId "1401505"]
[EventDate "2021.09.18"]
[EventType "team"]

1. d4 d5 2. c4 c6 3. Nf3 Nf6 4. Nc3 dxc4 5. a4 Bf5 6. e3 e6 7. Bxc4 Bb4 8. O-O
O-O 9. Nh4 Bg6 10. Nxg6 hxg6 11. Qc2 Nbd7 12. b3 a6 13. Bb2 b5 14. Be2 Rc8 15.
Ne4 Qb6 16. Nxf6+ Nxf6 17. Qd3 Rfd8 18. axb5 axb5 19. Bc3 Bxc3 20. Qxc3 Nd5 21.
Qa5 Qb8 22. Rfc1 b4 23. Bf3 Nc3 24. h3 Qd6 25. Qb6 c5 26. dxc5 Qxc5 27. Qxc5
Rxc5 28. Rc2 e5 29. Kf1 e4 30. Be2 Rcd5 31. Ke1 g5 32. f3 Re5 33. Kf2 Rde8 34.
Bc4 exf3 35. gxf3 Rxe3 36. Ra7 R8e7 37. Rxe7 Rxe7 38. Rd2 Rb7 39. Kg3 Kh7 40. h4
gxh4+ 41. Kxh4 Kg6 42. Kg4 Rb6 43. Rd7 f5+ 44. Kf4 Kf6 45. Rf7+ Kg6 46. Rxf5 Rf6
47. Rxf6+ Kxf6 1/2-1/2

[Event "36th ECC Open 2021"]
[Site "Struga MKD"]
[Date "2021.09.22"]
[Round "5.14"]
[Board "5"]
[White "Jakobsen, Peter"]
[Black "Petursson, Gudni"]
[Result "1-0"]
[WhiteTitle "FM"]
[WhiteElo "2202"]
[BlackElo "2016"]
[WhiteTeam "Nordkalotten"]
[BlackTeam "Viking  Chess Club"]
[WhiteFideId "1401440"]
[BlackFideId "2301725"]
[EventDate "2021.09.18"]
[EventType "team"]

1. c4 Nf6 2. Nc3 e6 3. e4 d5 4. e5 Nfd7 5. d4 dxc4 6. Bxc4 Nb6 7. Bd3 c5 8. dxc5
Bxc5 9. Nf3 Nc6 10. a3 Bd7 11. O-O h6 12. b4 Be7 13. Qe2 Rc8 14. Bb2 a6 15. Rfd1
Qc7 16. Rac1 Qb8 17. Qe3 Na8 18. Ne4 b5 19. Nd6+ Bxd6 20. exd6 Kf8 21. Qf4 Nb6
22. Bg6 f5 23. Ne5 Nxe5 24. Qxe5 Rg8 25. Bh7 1-0

[Event "36th ECC Open 2021"]
[Site "Struga MKD"]
[Date "2021.09.22"]
[Round "5.14"]
[Board "6"]
[White "Ingason, Sigurdur"]
[Black "Andersen, Peter Vestergaard"]
[Result "1-0"]
[WhiteElo "1805"]
[BlackElo "1833"]
[WhiteTeam "Viking  Chess Club"]
[BlackTeam "Nordkalotten"]
[WhiteFideId "2301709"]
[BlackFideId "1415760"]
[EventDate "2021.09.18"]
[EventType "team"]

1. d4 d5 2. c4 dxc4 3. e3 Nf6 4. Bxc4 e6 5. Nf3 c6 6. O-O b5 7. Bd3 Be7 8. b3
O-O 9. Bb2 Bb7 10. Re1 Nbd7 11. Nbd2 Qb6 12. Qe2 a6 13. Rac1 Rac8 14. Nf1 h6 15.
Ng3 Rfd8 16. Red1 Nd5 17. Bb1 b4 18. Nd2 Qa7 19. Nc4 N5f6 20. e4 Re8 21. Qd3 g6
22. Qd2 Kh7 23. Qf4 Qb8 24. Qf3 c5 25. d5 exd5 26. exd5 Kg8 27. Ne3 Nh7 28. Qg4
Ne5 29. Qh3 Bg5 30. Ne4 Bxe3 31. Qxe3 Ng5 32. Nf6+ Kg7 33. Nxe8+ Rxe8 34. f4 1-0

[Event "36th ECC Open 2021"]
[Site "Struga MKD"]
[Date "2021.09.22"]
[Round "5.15"]
[Board "1"]
[White "Sarrau, Jelle"]
[Black "Noe, Christopher"]
[Result "1/2-1/2"]
[WhiteTitle "FM"]
[BlackTitle "IM"]
[WhiteElo "2374"]
[BlackElo "2518"]
[WhiteTeam "Zuid-Limburg"]
[BlackTeam "De Sprenger Echternach"]
[WhiteFideId "207608"]
[BlackFideId "24692018"]
[EventDate "2021.09.18"]
[EventType "team"]

1. c4 Nf6 2. g3 e6 3. Bg2 d5 4. Nf3 d4 5. O-O c5 6. e3 Nc6 7. exd4 cxd4 8. d3
Bd6 9. Bg5 h6 10. Bxf6 Qxf6 11. Nbd2 Qd8 12. Re1 O-O 13. a3 a5 14. Rc1 Re8 15.
c5 Bc7 16. Nc4 e5 17. Nfd2 Bf5 18. Ne4 Bxe4 19. Bxe4 a4 20. h4 Qf6 21. Qg4 Rab8
22. Re2 Nd8 23. Rec2 Ne6 24. Nd2 Ba5 25. Nf3 Rec8 26. Bd5 Nd8 27. Re2 Bc7 28.
Rc4 Nc6 29. Rxa4 Ne7 30. Be4 b6 31. cxb6 Qxb6 32. Rc4 Bd6 33. Bd5 Rd8 34. Be4
Rf8 35. Qd7 Rfd8 36. Qa4 f5 37. Bc6 e4 38. Nxd4 exd3 39. Rd2 Bxg3 40. fxg3 Rxd4
41. Rxd4 Nxc6 42. Rxd3 Kh7 43. Kf1 Nxd4 44. Qxd4 Qc6 45. Qd5 Qxd5 1/2-1/2

[Event "36th ECC Open 2021"]
[Site "Struga MKD"]
[Date "2021.09.22"]
[Round "5.15"]
[Board "2"]
[White "Hammes, Michael"]
[Black "Lenaerts, Lennert"]
[Result "1/2-1/2"]
[WhiteTitle "IM"]
[BlackTitle "FM"]
[WhiteElo "2345"]
[BlackElo "2358"]
[WhiteTeam "De Sprenger Echternach"]
[BlackTeam "Zuid-Limburg"]
[WhiteFideId "4619358"]
[BlackFideId "211435"]
[EventDate "2021.09.18"]
[EventType "team"]

1. d4 Nf6 2. Nf3 d5 3. c4 c6 4. e3 Bg4 5. cxd5 Bxf3 6. Qxf3 cxd5 7. Bd3 Nc6 8.
O-O e6 9. Nc3 Be7 10. Bd2 Rc8 11. Qe2 a6 12. Rac1 O-O 13. Na4 e5 14. Bf5 Ra8 15.
dxe5 Nxe5 16. Bc3 Nc4 17. Bd4 b5 18. Nc3 Nd6 19. Bb1 Nde4 20. Nxe4 dxe4 21. Bxf6
Bxf6 22. Bxe4 Rc8 23. b3 Qe7 24. Bd5 Rxc1 25. Rxc1 Rd8 26. e4 g6 27. Rc2 Kg7 28.
g3 Qe8 29. Qf3 Qe7 30. Kg2 Be5 31. h4 Rd7 32. Qd3 Rc7 33. f4 Rxc2+ 34. Qxc2 Qc7
35. Qf2 Ba1 36. a4 h5 37. axb5 axb5 38. Qe2 Qc5 39. Qd3 Bd4 40. Qe2 Qc1 41. e5
Qb2 1/2-1/2

[Event "36th ECC Open 2021"]
[Site "Struga MKD"]
[Date "2021.09.22"]
[Round "5.15"]
[Board "3"]
[White "Van Meegen, Ruud"]
[Black "Gibicar, Danijel"]
[Result "0-1"]
[WhiteTitle "FM"]
[BlackTitle "FM"]
[WhiteElo "2291"]
[BlackElo "2271"]
[WhiteTeam "Zuid-Limburg"]
[BlackTeam "De Sprenger Echternach"]
[WhiteFideId "1034995"]
[BlackFideId "24660256"]
[EventDate "2021.09.18"]
[EventType "team"]

1. d4 Nf6 2. Nf3 g6 3. Nbd2 Bg7 4. e4 d6 5. Bb5+ c6 6. Bd3 O-O 7. O-O c5 8. c3
cxd4 9. cxd4 Nc6 10. b3 Nh5 11. Bb2 Nf4 12. Bc4 Qb6 13. e5 Bg4 14. h3 Bf5 15.
Re1 d5 16. Bf1 Nb4 17. Ba3 Nc2 18. Bxe7 Rfc8 19. Bc5 Qd8 20. g4 Nxe1 21. Nxe1
Bd7 22. Ndf3 Ne6 23. Ba3 Qa5 24. Bc1 Bb5 25. Bg2 Rc7 26. a4 Ba6 27. Ng5 Nxd4 28.
Bd2 Qb6 29. Be3 Ne2+ 30. Qxe2 d4 31. Bxd4 Qxd4 32. Rd1 Bxe2 33. Rxd4 Rc1 34. f4
Rxe1+ 35. Kf2 Rd1 0-1

[Event "36th ECC Open 2021"]
[Site "Struga MKD"]
[Date "2021.09.22"]
[Round "5.15"]
[Board "4"]
[White "Gnichtel, Gerd"]
[Black "Zimmermann, Luc"]
[Result "1/2-1/2"]
[BlackTitle "CM"]
[WhiteElo "2136"]
[BlackElo "2133"]
[WhiteTeam "De Sprenger Echternach"]
[BlackTeam "Zuid-Limburg"]
[WhiteFideId "4637127"]
[BlackFideId "1007033"]
[EventDate "2021.09.18"]
[EventType "team"]

1. d4 Nf6 2. c4 g6 3. Nc3 d5 4. cxd5 Nxd5 5. e4 Nxc3 6. bxc3 Bg7 7. Bc4 c5 8.
Ne2 Nc6 9. Be3 O-O 10. O-O Bg4 11. f3 Bd7 12. Rb1 cxd4 13. cxd4 a6 14. Qd2 Na5
15. Bd3 Bb5 16. Bxb5 axb5 17. Rxb5 Nc4 18. Qd3 Nxe3 19. Qxe3 Rxa2 20. Rxb7 Qa8
21. Rxe7 Qa6 22. Re1 Ra3 23. Qd2 Ra2 24. Qe3 Ra3 25. Qf4 Ra2 26. Qe3 Ra3 1/2-1/2

[Event "36th ECC Open 2021"]
[Site "Struga MKD"]
[Date "2021.09.22"]
[Round "5.15"]
[Board "5"]
[White "Perkampus, Laurin"]
[Black "Sparwel, Oliver"]
[Result "1-0"]
[WhiteElo "2010"]
[BlackElo "2013"]
[WhiteTeam "Zuid-Limburg"]
[BlackTeam "De Sprenger Echternach"]
[WhiteFideId "16232283"]
[BlackFideId "4002660"]
[EventDate "2021.09.18"]
[EventType "team"]

1. d4 d5 2. c4 e6 3. Nc3 Nf6 4. Nf3 c6 5. Qb3 Nbd7 6. Bg5 Qa5 7. Bd2 Qb6 8. Qc2
Bb4 9. e3 Bxc3 10. Bxc3 Ne4 11. Nd2 f5 12. Nxe4 fxe4 13. Be2 O-O 14. O-O Nf6 15.
f3 Bd7 16. fxe4 Nxe4 17. Bd3 Nf6 18. c5 Qd8 19. Rf3 Be8 20. Raf1 Qe7 21. g4 g5
22. Qf2 Kg7 23. Qg3 Bg6 24. Bxg6 Kxg6 25. h4 Nd7 26. h5+ Kg7 27. Qc7 Rxf3 28.
Rxf3 Rf8 29. Rxf8 Kxf8 30. Qxb7 Nf6 31. Qxc6 Nxg4 32. Be1 Qf7 33. Qd6+ Kg7 34.
Qg3 Qxh5 35. c6 Nf6 36. c7 Qe8 37. Qxg5+ Kf7 38. Bh4 1-0

[Event "36th ECC Open 2021"]
[Site "Struga MKD"]
[Date "2021.09.22"]
[Round "5.15"]
[Board "6"]
[White "Densing, Gerd"]
[Black "Winkels, Marcel"]
[Result "0-1"]
[BlackTitle "CM"]
[WhiteElo "1762"]
[BlackElo "1992"]
[WhiteTeam "De Sprenger Echternach"]
[BlackTeam "Zuid-Limburg"]
[WhiteFideId "24621013"]
[BlackFideId "1003887"]
[EventDate "2021.09.18"]
[EventType "team"]

1. d4 Nf6 2. Nf3 g6 3. Nc3 d5 4. Bf4 Bg7 5. Nb5 Na6 6. e3 c6 7. Nc3 Nb8 8. Be2
Bg4 9. Ne5 Bxe2 10. Qxe2 Nbd7 11. h3 O-O 12. Ng4 b5 13. Bh6 b4 14. Na4 Ne4 15.
Bxg7 Kxg7 16. Qa6 Qc7 17. O-O Nd2 18. Rfd1 Nc4 19. Nc5 Nxc5 20. dxc5 Rfb8 21. b3
Rb5 22. bxc4 Ra5 23. Qxa5 Qxa5 24. cxd5 Qxc5 25. dxc6 Qxc6 26. a3 bxa3 27. Rxa3
Qxc2 28. Rda1 a5 29. Ne5 a4 30. Nf3 Ra5 31. Nd4 Qc4 32. R1a2 Qb4 33. g3 Ra6 34.
Ne2 Qb1+ 35. Kg2 Qb7+ 36. Kh2 Rb6 37. Rxa4 Rb1 38. Ng1 Qc6 39. Ra1 Rb5 40. Ra6
Qc4 41. R6a4 Qd5 42. Rd4 Qb7 43. Rda4 e5 44. Ra7 Qd5 45. R7a4 Rb2 46. Rf1 Qd3
47. Kg2 Qxe3 48. Raa1 Qe4+ 49. Kh2 Qd4 0-1

[Event "36th ECC Open 2021"]
[Site "Struga MKD"]
[Date "2021.09.22"]
[Round "5.16"]
[Board "1"]
[White "Cumming, Rhys"]
[Black "Saraci, Nderim"]
[Result "1-0"]
[WhiteTitle "FM"]
[BlackTitle "IM"]
[WhiteElo "2361"]
[BlackElo "2466"]
[WhiteTeam "Sussex Martlets"]
[BlackTeam "Drejtesia"]
[WhiteFideId "470163"]
[BlackFideId "6351921"]
[EventDate "2021.09.18"]
[EventType "team"]

1. e4 e5 2. Nf3 Nc6 3. Bc4 Bc5 4. b4 Bxb4 5. c3 Ba5 6. d4 Qe7 7. O-O Bb6 8. a4
a6 9. a5 Ba7 10. Qa4 Nh6 11. Ba3 Qd8 12. d5 Ne7 13. Nxe5 O-O 14. d6 cxd6 15.
Bxd6 Bb8 16. Qa3 Bxd6 17. Qxd6 Nc6 18. Rd1 Qh4 19. Nd2 Nxe5 20. Qxe5 Qxf2+ 21.
Kxf2 Ng4+ 22. Kg3 Nxe5 23. Bd5 g6 24. Nc4 Nxc4 25. Bxc4 Kg7 26. Rd6 Re8 27. Bd5
f5 28. exf5 gxf5 29. c4 Re7 30. Kf4 Kf8 31. Kxf5 Ke8 32. h4 Kd8 33. Be4 Kc7 34.
c5 Rf7+ 35. Ke5 Re7+ 36. Kd4 Re6 37. Kd5 Rb8 38. Rf1 Re8 39. Rf7 Kd8 40. Kd4 1-0

[Event "36th ECC Open 2021"]
[Site "Struga MKD"]
[Date "2021.09.22"]
[Round "5.16"]
[Board "2"]
[White "Makolli, Perparim"]
[Black "Willson, Ollie"]
[Result "1/2-1/2"]
[WhiteTitle "FM"]
[WhiteElo "2249"]
[BlackElo "2082"]
[WhiteTeam "Drejtesia"]
[BlackTeam "Sussex Martlets"]
[WhiteFideId "908630"]
[BlackFideId "424714"]
[EventDate "2021.09.18"]
[EventType "team"]

1. e4 c5 2. Nf3 e6 3. d4 cxd4 4. Nxd4 Nc6 5. Nc3 Qc7 6. Be3 a6 7. Bd3 Nf6 8.
Nxc6 bxc6 9. f4 d5 10. O-O Be7 11. Kh1 c5 12. e5 Nd7 13. Bf2 g6 14. Qe1 Bb7 15.
b3 O-O 16. Bh4 Qd8 17. Bxe7 Qxe7 18. Qg3 f6 19. exf6 Qxf6 20. Ne2 Rac8 21. c4 d4
22. Rae1 Rce8 23. Qh3 Qg7 24. Ng3 e5 25. Qh4 exf4 26. Rxe8 Rxe8 27. Qxf4 Qe7 28.
Qc7 Ne5 29. Qxe7 Rxe7 30. Be4 Bxe4 31. Nxe4 Nd3 32. Nf6+ Kg7 33. h4 Nb4 34. a3
Nc2 35. Nd5 Re4 36. Nf4 Ne1 37. Rf2 Re3 38. Re2 Rxe2 39. Nxe2 d3 40. Nc3 Nc2 41.
Ne4 a5 42. Kg1 Nd4 43. Nd2 Kf6 44. Kf2 Ke5 45. h5 gxh5 46. Ke3 h4 47. Kxd3 h6
48. Ke3 Nc2+ 49. Kd3 Ne1+ 50. Kc3 Nxg2 51. b4 axb4+ 52. axb4 cxb4+ 53. Kxb4 Ne1
54. c5 h3 55. c6 Kd6 56. Kc4 h2 57. Ne4+ Kxc6 58. Nf2 Kd6 59. Kd4 Ke6 60. Ke4 h5
61. Nh1 Kf6 62. Kf4 Nd3+ 63. Kg3 Kg5 64. Kxh2 h4 65. Kg2 Kg4 66. Nf2+ Nxf2 67.
Kxf2 1/2-1/2